Hieroglyphic roots As reported in the papyrus texts of the ancient Egyptians / الجذور الهيروغليفية الصحف الأولى لقدماء المصريين الجزء الأول

Saved in:

Main Author: Osama Al-Saadawi

Format: Book

Language: Undetermined

Published: Egypt Dar-Al kutub 2000

Tags: Add Tag

No Tags, Be the first to tag this record!

Call Number:

LEADER 00467nam a2200121Ia 4500
008 240503s9999||||xx |||||||||||||| ||und||
020 |a 977546339 
100 1 |a Osama Al-Saadawi 
245 1 0 |a Hieroglyphic roots As reported in the papyrus texts of the ancient Egyptians / الجذور الهيروغليفية  |b الصحف الأولى لقدماء المصريين الجزء الأول 
264 1 |a Egypt  |b Dar-Al kutub  |c 2000 
300 |a 269  |c 24 
942 |2 lcc  |c BK 
999 |c 58361  |d 58361